Energetika

Guardado en:
Detalles Bibliográficos
Formato: Seriadas
Publicado: 1998
Etiquetas: Agregar Etiqueta
Sin Etiquetas, Sea el primero en etiquetar este registro!

MARC

LEADER 00000nas a22000003a 4500
001 stu72207
005 20141121230554.9
008 011106s1998----------------------------d
040 |a STU  |b slo 
041 0
245 |a Energetika 
260 |c 1998 
500 |a 1998 
500 |a 12 
500 |a 1-12 
773 0 |t Energetika :  |w stu_us_cat*stu58864  |x 0375-8842  |7 nnas 
996 |d Roč. 48, 1998  |v Roč. 48  |y 1998  |l EE0103  |s A  |a 24  |w stu72207_0004